000 00239nam a2200097Ia 4500
008 220204s9999 xx 000 0 und d
082 _a912(084.3)(548)
_bSOU;1
245 0 _aSouthern tourist road guide
260 _aMadras
_bAuto
942 _cBK
999 _c30179
_d30179